[Event "chess.com Speed 5m+1spm 2018"]
[Site "chess.com INT"]
[Date "2018.10.11"]
[Round "2.10"]
[White "Vachier Lagrave,M"]
[Black "Nakamura,Hi"]
[Result "0-1"]
[WhiteElo "2779"]
[BlackElo "2777"]

1.e4 e5 2.Nf3 Nc6 3.Bc4 Bc5 4.O-O Nf6 5.d3 d6 6.c3 a6 7.a4 O-O 8.Re1 h6 9.h3 Ba7
10.Nbd2 Be6 11.Bxe6 fxe6 12.b4 Qe8 13.Ra2 Nh5 14.Nf1 Qf7 15.Be3 Bxe3 16.Rxe3 Ne7
17.g3 a5 18.b5 Nf6 19.N1h2 Rad8 20.d4 exd4 21.cxd4 e5 22.Rc2 Ng6 23.d5 Rc8
24.Qc1 Qd7 25.Kg2 Rf7 26.Nd2 Rcf8 27.Rf3 Qd8 28.Ng4 Nxg4 29.hxg4 Qg5 30.Rxf7 Rxf7
31.Qd1 h5 32.Nf1 h4 33.Qe2 hxg3 34.fxg3 Nf8 35.Nh2 b6 36.Qd2 Qg6 37.Qe3 Nh7
38.Re2 Ng5 39.Re1 Nh7 40.Qe2 Nf6 41.Kg1 Nd7 42.Kg2 Nc5 43.Qc2 Kf8 44.Re2 Ke8
45.Qd1 Kd7 46.Qc2 Rf8 47.Qd1 Rf6 48.Qc2 Kc8 49.Qc4 Qh7 50.Qc2 Rh6 51.Nf3 Qg6
52.g5 Rh8 53.Kf2 Qh5 54.Ke3 Rf8  0-1

[Event "chess.com Speed 5m+1spm 2018"]
[Site "chess.com INT"]
[Date "2018.10.11"]
[Round "2.1"]
[White "Nakamura,Hi"]
[Black "Vachier Lagrave,M"]
[Result "1-0"]
[WhiteElo "2777"]
[BlackElo "2779"]

1.d4 Nf6 2.c4 g6 3.Nc3 d5 4.cxd5 Nxd5 5.e4 Nxc3 6.bxc3 Bg7 7.Bg5 c5 8.Rc1 cxd4
9.cxd4 Nc6 10.d5 Nd4 11.Ne2 Bg4 12.Qd2 Bxe2 13.Bxe2 Nxe2 14.Qxe2 Qa5+ 15.Bd2 Qa4
16.O-O O-O 17.Bg5 Qd7 18.Rc2 e6 19.Rd1 Rac8 20.d6 Rxc2 21.Qxc2 Rc8 22.Qxc8+  1-0

[Event "chess.com Speed 5m+1spm 2018"]
[Site "chess.com INT"]
[Date "2018.10.11"]
[Round "2.11"]
[White "Nakamura,Hi"]
[Black "Vachier Lagrave,M"]
[Result "1/2-1/2"]
[WhiteElo "2777"]
[BlackElo "2779"]

1.d4 Nf6 2.c4 g6 3.Nc3 d5 4.cxd5 Nxd5 5.e4 Nxc3 6.bxc3 Bg7 7.Bg5 c5 8.Rc1 cxd4
9.cxd4 Nc6 10.d5 Nd4 11.Be3 e5 12.Bc4 O-O 13.Ne2 Qh4 14.Ng3 f5 15.exf5 gxf5
16.Qh5 Qf6 17.Bg5 Qg6 18.O-O b5 19.Bb3 f4 20.Qxg6 hxg6 21.Ne4 Ne2+ 22.Kh1 Nxc1
23.Rxc1 Bf5 24.Nd6 Bf6 25.h4 Rad8 26.Rc6 Bxg5 27.hxg5 e4 28.Kg1 e3 29.Nxf5 Rxf5
30.Rxg6+ Kf7 31.Re6 Rxg5 32.Re4 exf2+ 33.Kxf2 Rd6 34.a4 a6 35.axb5 axb5 36.Rb4 Rb6
37.Kf3 Ke7 38.Bc4 Rbg6 39.Bf1 Rxd5 40.Rxb5 Rd4 41.Re5+ Kf6 42.Re4 Rxe4 43.Kxe4 Kg5
44.Kf3 Re6 45.Be2 Re3+ 46.Kf2 Ra3 47.Bb5 Rc3 48.Bd7 Kf6 49.Bg4 Ke5 50.Bh5 Kd4
51.Bf7 Ra3 52.Bg6 Ke5 53.Bf7 Kf5 54.Be8 Rc3 55.Bh5 Kg5 56.Be8 Rd3 57.Bb5 Rd5
58.Bc6 Rd2+ 59.Kf3 Rd3+ 60.Ke2 Rd6 61.Bf3 Kh4 62.Kf2 Rd2+ 63.Be2 Kg5 64.Kf3 Rc2
65.Bb5 Rc3+ 66.Kf2 Kf5 67.Be8 Re3 68.Bd7+ Kg5 69.Bc8 Rd3 70.Be6 Rd2+ 71.Kf3 Rd6
72.Bc8 Rd3+ 73.Kf2 Kf6 74.Bg4 Ke5 75.Bh5 Rd2+ 76.Kf3 Ra2 77.Bf7 Ra3+ 78.Kf2 Ra7
79.Bh5 Kf5 80.Be8 Ra2+ 81.Kf3 Ra3+ 82.Kf2 Rc3 83.Bh5 Rc2+ 84.Kf3 Kg5 85.Be8 Rd2
86.Bb5 Rd5 87.Bc4 Re5 88.Ba6 Re3+ 89.Kf2 Rc3 90.Bb5 Kf5 91.Be8 Kg4 92.Bd7+ Kg5
93.Be8  1/2-1/2

[Event "chess.com Speed 5m+1spm 2018"]
[Site "chess.com INT"]
[Date "2018.10.11"]
[Round "2.8"]
[White "Vachier Lagrave,M"]
[Black "Nakamura,Hi"]
[Result "1/2-1/2"]
[WhiteElo "2779"]
[BlackElo "2777"]

1.e4 e5 2.Nf3 Nc6 3.Bc4 Bc5 4.c3 Nf6 5.d3 d6 6.O-O O-O 7.Re1 a5 8.Nbd2 Be6
9.Bb5 Qb8 10.Nf1 Qa7 11.Be3 Bxe3 12.Nxe3 Ne7 13.Ba4 h6 14.Qc2 Ng4 15.Bb3 Nxe3
16.Rxe3 Bxb3 17.axb3 Qb6 18.d4 Ng6 19.g3 Rfe8 20.dxe5 Nxe5 21.Nd2 Re7 22.Kg2 Rae8
23.h3 Qc5 24.Ra4 Nc6 25.Nf3 b5 26.Ra1 d5 27.Rae1 d4 28.R3e2 dxc3 29.Qxc3 Qxc3
30.bxc3 a4 31.bxa4 bxa4 32.Nd4 Ne5 33.Ra1 c5 34.Nf3 Ra7 35.Rea2 Nxf3 36.Kxf3 Rd7  1/2-1/2

[Event "chess.com Speed 5m+1spm 2018"]
[Site "chess.com INT"]
[Date "2018.10.11"]
[Round "2.7"]
[White "Nakamura,Hi"]
[Black "Vachier Lagrave,M"]
[Result "0-1"]
[WhiteElo "2777"]
[BlackElo "2779"]

1.d4 Nf6 2.c4 g6 3.Nc3 d5 4.cxd5 Nxd5 5.e4 Nxc3 6.bxc3 Bg7 7.Bg5 c5 8.Rc1 cxd4
9.cxd4 Nc6 10.d5 Nd4 11.Be3 e5 12.Bc4 O-O 13.Ne2 Re8 14.O-O Bd7 15.f3 b5
16.Bd3 Qb6 17.Nxd4 exd4 18.Bf2 Rac8 19.f4 Qd6 20.Qd2 Rc3 21.e5 Qxd5 22.Rfd1 Rec8
23.Bf1 Rxc1 24.Rxc1 Rxc1 25.Qxc1 Bf8 26.h4 h5 27.Qd2 Bc5 28.Be2 Bf5 29.Bxb5 d3
30.a4 Bxf2+ 31.Kxf2 Qd4+ 32.Qe3 Qb2+ 33.Kg3 d2 34.Be2 Qc1 35.Qf3 Qe1+ 36.Kh2 Qxh4+
37.Kg1 Qe1+ 38.Kh2 Bg4 39.Qa8+ Kg7 40.Qd8 Qxe2 41.Qf6+ Kg8  0-1

[Event "chess.com Speed 5m+1spm 2018"]
[Site "chess.com INT"]
[Date "2018.10.11"]
[Round "2.9"]
[White "Nakamura,Hi"]
[Black "Vachier Lagrave,M"]
[Result "0-1"]
[WhiteElo "2777"]
[BlackElo "2779"]

1.d4 Nf6 2.c4 g6 3.Nc3 d5 4.cxd5 Nxd5 5.e4 Nxc3 6.bxc3 Bg7 7.Bg5 c5 8.Rc1 cxd4
9.cxd4 Nc6 10.d5 Nd4 11.Be3 e5 12.Bc4 O-O 13.Ne2 Re8 14.O-O Bd7 15.f3 b5
16.Bd3 Qb6 17.Nxd4 exd4 18.Bd2 b4 19.f4 Bb5 20.Qe2 Rad8 21.Qf3 a5 22.f5 Bxd3
23.Qxd3 Rc8 24.Kh1 Be5 25.h4 a4 26.Rb1 Rc3 27.Bxc3 dxc3 28.fxg6 hxg6 29.d6 Qxd6
30.Qc4 Qe7 31.Rf3 Qxh4+ 32.Kg1 Bh2+ 33.Kf1 Bf4 34.Rxb4 Rd8 35.Qxc3 Bd2  0-1

[Event "chess.com IoM Masters"]
[Site "Douglas ENG"]
[Date "2018.10.20"]
[Round "1.8"]
[White "Ladron de Guevara Pinto,P"]
[Black "Nakamura,Hi"]
[Result "1/2-1/2"]
[WhiteElo "2427"]
[BlackElo "2763"]

1.e4 c5 2.Nf3 Nc6 3.d4 cxd4 4.Nxd4 g6 5.c4 Bg7 6.Be3 Nf6 7.Nc3 d6 8.Be2 O-O
9.O-O Nxd4 10.Bxd4 Bd7 11.h3 Bc6 12.Qc2 a5 13.Rad1 Nd7 14.Bxg7 Kxg7 15.Bg4 Nc5
16.e5 f5 17.exf6+ Rxf6 18.Rfe1 h5 19.Be2 e5 20.Bd3 Qb6 21.Be4 Raf8 22.Rd2 g5
23.Bxc6 bxc6 24.Ne4 Nxe4 25.Rxe4 Qc5 26.b3 h4 27.Rde2 Rf4 28.Rxf4 gxf4 29.Qe4 Rf6
30.Rd2 Kh6 31.Kh2 Qb6 32.Qf3 Rg6 33.Qe4 Rf6 34.Qf3 Rg6 35.Qe4  1/2-1/2

[Event "chess.com IoM Masters"]
[Site "Douglas ENG"]
[Date "2018.10.21"]
[Round "2.35"]
[White "Nakamura,Hi"]
[Black "Sundararajan,K"]
[Result "1-0"]
[WhiteElo "2763"]
[BlackElo "2445"]

1.c4 e5 2.Nc3 d6 3.g3 Nc6 4.Bg2 Be6 5.d3 Qd7 6.Nd5 Nge7 7.Bd2 Nd8 8.e4 c6
9.Nc3 g6 10.h4 h6 11.f4 Bg7 12.Nge2 Bg4 13.Be3 Ne6 14.Qd2 Nd4 15.O-O Bh3
16.Bxd4 exd4 17.Nd1 Bxg2 18.Kxg2 f5 19.Nf2 O-O 20.h5 Qe6 21.hxg6 Qxg6 22.Rh1 Rae8
23.Rae1 a6 24.g4 d5 25.Ng3 dxe4 26.dxe4 fxe4 27.Rxe4 Nc8 28.f5 Qg5 29.Qxg5 hxg5
30.Rxe8 Rxe8 31.Nge4 Nb6 32.f6 Bf8 33.Nxg5 Re5 34.Nfe4 Nxc4 35.Rh7 Bb4 36.Rg7+ Kf8
37.Rxb7 Rb5 38.Ne6+ Kg8 39.Rg7+ Kh8 40.Nf4 Ne5 41.Ng5  1-0

[Event "chess.com IoM Masters"]
[Site "Douglas ENG"]
[Date "2018.10.23"]
[Round "4.17"]
[White "Nakamura,Hi"]
[Black "Zumsande,M"]
[Result "1-0"]
[WhiteElo "2763"]
[BlackElo "2492"]

1.e4 e6 2.d4 d5 3.Nc3 Nf6 4.e5 Nfd7 5.f4 c5 6.Nf3 Nc6 7.Be3 Be7 8.Qd2 O-O
9.dxc5 Nxc5 10.O-O-O a6 11.Qf2 b6 12.Kb1 Qc7 13.Nd4 Bb7 14.Nxc6 Bxc6 15.Bd4 Bb7
16.Bd3 Rac8 17.Ne2 a5 18.Ng3 f5 19.Nh5 Bc6 20.Qg3 Bd8 21.Be2 Ba4 22.Rc1 Ne4
23.Qe3 Bxc2+ 24.Ka1 Qd7 25.b3 a4 26.Kb2 g6 27.Ng3 a3+ 28.Kxa3 Be7+ 29.Kb2 Nxg3
30.hxg3 Be4 31.Bxb6 Bxg2 32.Rxc8 Rxc8 33.Rc1 Be4 34.Bd4 Bf8 35.Rxc8 Qxc8
36.Qc3 Qd7 37.a3 g5 38.b4 gxf4 39.gxf4 Qg7 40.Bf2 Qh6 41.Qg3+ Kf7 42.Qh4 Qxh4
43.Bxh4 Bh6 44.Bg3 Ke7 45.Kc3 Kd7 46.a4 Bf8 47.Bf2 Kc7 48.a5 Be7 49.b5 Kb8
50.a6 Bg2 51.Bd4 Bh3 52.b6 Bg4 53.Bb5  1-0

[Event "chess.com IoM Masters"]
[Site "Douglas ENG"]
[Date "2018.10.24"]
[Round "5.9"]
[White "Shirov,A"]
[Black "Nakamura,Hi"]
[Result "0-1"]
[WhiteElo "2636"]
[BlackElo "2763"]

1.e4 c6 2.d4 d5 3.e5 Bf5 4.Nf3 e6 5.Be2 Ne7 6.O-O h6 7.Nbd2 Nd7 8.Nb3 g5
9.Ne1 Qc7 10.f4 c5 11.Nxc5 Nxc5 12.dxc5 Qxc5+ 13.Kh1 d4 14.Nd3 Qc7 15.fxg5 O-O-O
16.Bg4 Bxg4 17.Qxg4 Nf5 18.Rxf5 exf5 19.Qxf5+ Kb8 20.g6 fxg6 21.Qxg6 Be7
22.Bf4 Bg5 23.Bg3 Qxc2 24.h4 Be3 25.e6+ Ka8 26.Qe4 Rhg8 27.Rf1 Rde8 28.Rf7 Qc6
29.Qxc6 bxc6 30.Bd6 Rxe6 31.Bc5 Re4 32.Be7 Reg4  0-1

[Event "chess.com IoM Masters"]
[Site "Douglas ENG"]
[Date "2018.10.25"]
[Round "6.2"]
[White "Nakamura,Hi"]
[Black "Gupta,Ab"]
[Result "1-0"]
[WhiteElo "2763"]
[BlackElo "2588"]

1.c4 Nf6 2.Nc3 e5 3.Nf3 Nc6 4.g3 Bb4 5.Bg2 O-O 6.O-O d6 7.d3 h6 8.Na4 Bc5
9.Nxe5 Nxe5 10.d4 Bxd4 11.Qxd4 Nc6 12.Qd2 Bf5 13.b3 Re8 14.f3 a6 15.Nc3 b5
16.cxb5 axb5 17.Nxb5 Qb8 18.Nc3 d5 19.Bb2 Qa7+ 20.Kh1 Qe3 21.Rfd1 Qf2 22.Re1 Nb4
23.Nb5 Nc2 24.Bd4 Ne3 25.Bxe3 Rxe3 26.Rf1 Qxe2 27.Qxe2 Rxe2 28.Nd4  1-0

[Event "chess.com IoM Masters"]
[Site "Douglas ENG"]
[Date "2018.10.26"]
[Round "7.2"]
[White "Nakamura,Hi"]
[Black "Xiong,Jeffery"]
[Result "1/2-1/2"]
[WhiteElo "2763"]
[BlackElo "2656"]

1.c4 c5 2.Nf3 Nf6 3.Nc3 d5 4.cxd5 Nxd5 5.e3 Nc6 6.Bb5 Nxc3 7.bxc3 Bd7 8.Rb1 e6
9.d4 Be7 10.O-O O-O 11.Be2 Qc7 12.e4 Rfd8 13.Be3 Na5 14.Bd3 Rac8 15.h4 Be8
16.e5 cxd4 17.cxd4 Nc4 18.Ng5 h6 19.Ne4 Bc6 20.Qe2 b5 21.Rbc1 Bxe4 22.Bxe4 Bxh4
23.a4 a6 24.Bd3 Qb7 25.Bxc4 bxc4 26.Rxc4 Bg5 27.Rfc1 Rxc4 28.Rxc4 Bxe3 29.fxe3 Qb1+
30.Kh2 Qb3 31.a5 Qb5 32.Qa2 Qd5 33.Ra4 Qe4 34.Qe2 Rc8 35.Rc4 Rb8 36.Qf2 Rb3
37.Rc7 Kh7 38.Rxf7 Rxe3 39.Rxg7+ Kxg7 40.Qf6+ Kh7  1/2-1/2

[Event "chess.com IoM Masters"]
[Site "Douglas ENG"]
[Date "2018.10.28"]
[Round "9.7"]
[White "Nakamura,Hi"]
[Black "Eljanov,P"]
[Result "1-0"]
[WhiteElo "2763"]
[BlackElo "2703"]

1.d4 Nf6 2.c4 e6 3.Nf3 b6 4.g3 Bb7 5.Bg2 Bb4+ 6.Bd2 Be7 7.O-O c6 8.Nc3 d5
9.Qb3 O-O 10.Rfd1 Nbd7 11.Rac1 h6 12.Ne1 c5 13.cxd5 cxd4 14.d6 Bxd6 15.Bxb7 Nc5
16.Qc4 Nxb7 17.Qxd4 Qe7 18.Qh4 a6 19.Nf3 Rac8 20.e4 Rc4 21.b3 Rc5 22.e5 Bxe5
23.Ne4 Rxc1 24.Rxc1 Bd6 25.Nxf6+ Qxf6 26.Qxf6 gxf6 27.Rc6 Bc5 28.b4 Nd8 29.Rc7 Bd6
30.Rd7 Bb8 31.Bxh6 Re8 32.Be3 Nc6 33.a3 b5 34.Rb7 Rc8 35.Rb6 Ba7 36.Rxa6 Bxe3
37.fxe3 Ne7 38.Nd4 Nd5 39.Kf2 Rc1 40.Rc6 Rh1 41.e4 Rxh2+ 42.Kf3 Ne7 43.Rc3 Ra2
44.Nxb5 f5 45.Nc7 Kf8 46.b5 Rb2 47.a4 fxe4+ 48.Kf4 Kg7 49.a5 Nd5+ 50.Nxd5 Rxb5
51.Ne3 Rxa5 52.Rc7 Kg6 53.Nc4 Rf5+ 54.Kxe4 f6 55.Rc6 Rg5 56.Kf3 Kf7 57.Nd6+ Kg6
58.Ne4 Rf5+ 59.Kg4 Re5 60.Nc5 Kf7 61.Rc7+ Kg6 62.Nd3 f5+ 63.Kf3 Re4 64.Rc6 Kf7
65.Rc7+ Kg6 66.Nc5 Re1 67.Ra7 Kf6 68.Ra6 Kf7 69.Kf2 Re5 70.Ra7+ Kg6 71.Rc7 f4
72.gxf4 Rd5 73.Ke3  1-0

[Event "Tata Steel India Rapid"]
[Site "Kolkata IND"]
[Date "2018.11.09"]
[Round "1.5"]
[White "Nakamura,Hi"]
[Black "Aronian,L"]
[Result "1/2-1/2"]
[WhiteElo "2746"]
[BlackElo "2765"]

1.e4 e5 2.Nf3 Nc6 3.Bb5 Nf6 4.O-O Nxe4 5.Re1 Nd6 6.Nxe5 Be7 7.Bf1 Nxe5 8.Rxe5 O-O
9.Nc3 Ne8 10.Nd5 Bd6 11.Re1 c6 12.Ne3 Be7 13.c4 Nc7 14.d4 d5 15.cxd5 Bb4
16.Bd2 Bxd2 17.Qxd2 Nxd5 18.Nxd5 Qxd5 19.Re5 Qd6 20.Bc4 Bd7 21.Rae1 Rfe8
22.Qc3 Rxe5 23.dxe5 Qe7 24.Rd1 Be6 25.Bxe6 Qxe6 26.a3 Qf5 27.h3 h5 28.Qc5 Re8
29.Qxa7 Qc2 30.Qd4 Rxe5 31.Qxe5 Qxd1+ 32.Kh2 Qb3 33.h4 g6 34.f3 b5 35.Kg3 Qd1
36.Qe3 Qd6+ 37.f4 f6 38.Qe4 Kf7 39.Kh2 f5 40.Qe3 Qf6 41.Qb3+ Ke7 42.Qe3+ Kf8
43.Qf2 Qd6 44.Kg3 Qd3+ 45.Kh2 Qd6 46.Kg3 Qd3+ 47.Kh2  1/2-1/2

[Event "Tata Steel India Rapid"]
[Site "Kolkata IND"]
[Date "2018.11.09"]
[Round "2.3"]
[White "Vidit,S"]
[Black "Nakamura,Hi"]
[Result "1/2-1/2"]
[WhiteElo "2702"]
[BlackElo "2746"]

1.d4 Nf6 2.c4 e6 3.Nf3 d5 4.g3 Bb4+ 5.Bd2 Be7 6.Bg2 O-O 7.O-O Nbd7 8.Qc2 Ne4
9.Ne1 Nxd2 10.Nxd2 c6 11.Nd3 f5 12.e3 Nf6 13.b4 a5 14.a3 b6 15.Rfc1 Bd7 16.Nf3 Bd6
17.c5 bxc5 18.bxc5 Bc7 19.Rab1 Qe7 20.Nfe5 Rfb8 21.Rxb8+ Rxb8 22.Rb1 Qd8
23.Bf3 Be8 24.Bd1 Ne4 25.Rb2 Ng5 26.Qb1 Nf7 27.Nxf7 Kxf7 28.Ba4 Rxb2 29.Qxb2 Qa8
30.f4 Ke7 31.Ne5 Bxe5 32.dxe5 Qa6 33.Qb8 Qe2 34.Qd6+ Kf7 35.Bxc6 Qe1+ 36.Kg2 Qe2+
37.Kg1 Qe1+ 38.Kg2  1/2-1/2

[Event "Tata Steel India Rapid"]
[Site "Kolkata IND"]
[Date "2018.11.09"]
[Round "3.1"]
[White "Nakamura,Hi"]
[Black "Harikrishna,P"]
[Result "1/2-1/2"]
[WhiteElo "2746"]
[BlackElo "2729"]

1.Nf3 d5 2.g3 Nf6 3.Bg2 e6 4.O-O Be7 5.d3 O-O 6.Nbd2 a5 7.e4 a4 8.a3 Nc6
9.e5 Nd7 10.Re1 f6 11.exf6 Bxf6 12.Nf1 e5 13.h4 Nc5 14.Be3 Ne6 15.N3h2 Ned4
16.Nd2 Kh8 17.c4 dxc4 18.dxc4 Bf5 19.Ne4 Nb3 20.Qxd8 Raxd8 21.Rad1 Ncd4 22.g4 Bxe4
23.Bxe4 Nc5 24.g5 Be7 25.Bb1 Bd6 26.Kg2 Nce6 27.Ng4 Nf4+ 28.Bxf4 Rxf4 29.Re4 Rdf8
30.Bd3 h5 31.gxh6 gxh6 32.h5 c6 33.Rde1 Nf3 34.R1e2 R4f5 35.R4e3 Rf4 36.Re4 R4f5
37.R4e3 Rf4 38.Re4  1/2-1/2

[Event "Tata Steel India Rapid"]
[Site "Kolkata IND"]
[Date "2018.11.10"]
[Round "4.5"]
[White "Mamedyarov,S"]
[Black "Nakamura,Hi"]
[Result "0-1"]
[WhiteElo "2817"]
[BlackElo "2746"]

1.d4 Nf6 2.c4 e6 3.Nf3 d5 4.Nc3 Be7 5.Bf4 O-O 6.e3 b6 7.Be2 dxc4 8.Bxc4 Ba6
9.Qe2 Bxc4 10.Qxc4 c5 11.O-O cxd4 12.Nxd4 Qc8 13.Qxc8 Rxc8 14.Rac1 Nbd7 15.Ncb5 e5
16.Nf5 Bf8 17.Bg5 h6 18.Bh4 Rxc1 19.Rxc1 a6 20.Nc3 Rc8 21.Rd1 b5 22.h3 g6
23.Nd6 Rc6 24.Ne8 g5 25.Bg3 b4 26.Na4 Nxe8 27.Rxd7 Bd6 28.e4 Bc7 29.f3 Rc1+
30.Kh2 Ra1 31.Nc5 Bb6 32.Nd3 Bg1+ 33.Kh1 f6 34.Ne1 Bd4 35.Kh2 Ng7 36.h4 Rxa2
37.Nc2 Bc5 38.Ne1 Rxb2 39.Nd3 Rc2 40.Rb7 a5 41.Rb5 Bd4 42.Rxa5 b3 43.Rb5 b2
44.Kh3 Rd2  0-1

[Event "Tata Steel India Rapid"]
[Site "Kolkata IND"]
[Date "2018.11.10"]
[Round "5.1"]
[White "Nakamura,Hi"]
[Black "Ganguly,S"]
[Result "1-0"]
[WhiteElo "2746"]
[BlackElo "2615"]

1.c4 e5 2.Nc3 Nf6 3.Nf3 Nc6 4.e3 d5 5.cxd5 Nxd5 6.Bb5 Nxc3 7.bxc3 Bd6 8.d4 Qf6
9.O-O O-O 10.Bd3 Bf5 11.Qc2 Bxd3 12.Qxd3 Rfe8 13.e4 exd4 14.cxd4 Qg6 15.Re1 Rad8
16.Bg5 f6 17.Bd2 Kh8 18.Qc2 Bf8 19.d5 Nb4 20.Qb1 Na6 21.Qxb7 Nc5 22.Qxc7 Nxe4
23.Be3 Bb4 24.Rec1 Rxd5 25.Qb7 Nc3 26.Qxb4 Ne2+ 27.Kh1 Nxc1 28.Rxc1 Red8
29.Bxa7 Rd1+ 30.Rxd1 Rxd1+ 31.Ng1 h6 32.f3 Qf7 33.Qb8+ Kh7 34.Qb2 Qd5 35.a4 Rd2
36.Qb1+ Kh8 37.Bb6 Qg5 38.Qf1 Rb2 39.a5 Qd2 40.f4 Rb4 41.f5 Qc2 42.h3 Rb1
43.Qf2 Qd3 44.Qf3 Qb5 45.Qe4 Rf1 46.Kh2 Rxf5 47.a6 Re5 48.Qb7 Re8 49.a7 Qe5+
50.Kh1 Qa1 51.Qb8 Rg8 52.Bd8  1-0

[Event "Tata Steel India Rapid"]
[Site "Kolkata IND"]
[Date "2018.11.10"]
[Round "6.3"]
[White "Nakamura,Hi"]
[Black "Nihal,Sarin"]
[Result "1-0"]
[WhiteElo "2746"]
[BlackElo "2576"]

1.Nf3 Nf6 2.e3 e6 3.c4 d5 4.b3 c5 5.cxd5 exd5 6.Bb2 Nc6 7.Be2 Bd6 8.O-O O-O
9.d4 Bg4 10.Nbd2 Rc8 11.Rc1 cxd4 12.Nxd4 Nxd4 13.Bxg4 Rxc1 14.Bxc1 Nc6 15.Bf5 Qa5
16.a4 Rd8 17.Bb1 Bb4 18.Qe2 h6 19.Rd1 Re8 20.Qd3 Ne5 21.Qc2 Bc3 22.Nf1 Nc6
23.Ng3 g6 24.Ne2 Be5 25.Bd2 Qb6 26.h3 d4 27.Qc4 Kg7 28.Kf1 Rd8 29.exd4 Nxd4
30.a5 Qc6 31.Be3 Qxc4 32.bxc4 Nc6 33.Rxd8 Nxd8 34.Bxa7 Nc6 35.Bb6 Bd6 36.Nd4 Nxd4
37.Bxd4 Bb4 38.Be4 Bxa5 39.Bxb7 Bd8 40.c5 Kf8 41.Ke2 Ke7 42.Kd3 Ne8 43.Bd5 Nc7
44.Bb3 h5 45.Ke4 Nb5 46.Be3 Nc3+ 47.Kd4 Nb5+ 48.Kd5 Nc7+ 49.Kc6 Ne6 50.Bxe6 Kxe6
51.Kb7 Kd5 52.c6 f5 53.Bb6  1-0

[Event "Tata Steel India Rapid"]
[Site "Kolkata IND"]
[Date "2018.11.11"]
[Round "7.4"]
[White "Anand,V"]
[Black "Nakamura,Hi"]
[Result "1/2-1/2"]
[WhiteElo "2773"]
[BlackElo "2746"]

1.e4 e5 2.Nf3 Nc6 3.Bb5 Nf6 4.O-O Nxe4 5.Re1 Nd6 6.Nxe5 Be7 7.Bf1 Nf5 8.Nf3 d5
9.d4 O-O 10.Nc3 Nh4 11.Nxh4 Bxh4 12.Bf4 Bf5 13.Qd2 Bf6 14.Ne2 Qd7 15.c3 Rfe8
16.Ng3 Bg6 17.Bg5 Bxg5 18.Qxg5 f6 19.Qf4 Rxe1 20.Rxe1 Re8 21.Rxe8+ Bxe8 22.h4 Ne7
23.h5 h6 24.Bd3 Bf7 25.a3 Kf8 26.Qf3 Be6 27.Qe3 Bf7 28.Qf3  1/2-1/2

[Event "Tata Steel India Rapid"]
[Site "Kolkata IND"]
[Date "2018.11.11"]
[Round "8.4"]
[White "Nakamura,Hi"]
[Black "So,W"]
[Result "1/2-1/2"]
[WhiteElo "2746"]
[BlackElo "2765"]

1.Nf3 d5 2.e3 Nf6 3.c4 e6 4.b3 Bd6 5.Bb2 O-O 6.Be2 dxc4 7.Bxc4 b6 8.Nc3 Bb7
9.d4 a6 10.O-O b5 11.Bd3 Nbd7 12.a4 b4 13.Nb1 c5 14.Nbd2 cxd4 15.Nxd4 Nc5
16.Be2 Rc8 17.Nc4 Bb8 18.Qe1 e5 19.Nc2 a5 20.Rd1 Qe7 21.Nxa5 Nxb3 22.Nxb3 Rxc2
23.Rd2 Rfc8 24.Qb1 R2c7 25.Bd3 Bd5 26.Bxh7+ Kf8 27.Bc2 g6 28.Nc1 Qe6 29.Ne2 Ba2
30.Qd1 Kg7 31.Bd3 Bb3 32.Qe1 Bxa4 33.Qa1 Ra7 34.Qb1 Rd7 35.Ba1 Rb7 36.Ng3 b3
37.Kh1 Rh8 38.Ne4 Nxe4 39.Bxe4 Rb4 40.f4 f6 41.Bd5 Qe7 42.Bc3 Rb6 43.Qe4 Bb5
44.Rb1 Bd7 45.Qf3 exf4 46.exf4 Bf5 47.Re2 Qd6 48.Rd1 Rh4 49.Bxb3 Rxf4 50.Rxd6 Rxf3
51.Bxf6+ Kh6 52.gxf3 Bxd6 53.Re8 Rb8 54.Rxb8 Bxb8 55.Kg2 Bf4 56.Bd5 Bd7 57.Be4 Bc8
58.Bh4 g5 59.Be1 g4  1/2-1/2

[Event "Tata Steel India Rapid"]
[Site "Kolkata IND"]
[Date "2018.11.11"]
[Round "9.2"]
[White "Karjakin,Sergey"]
[Black "Nakamura,Hi"]
[Result "1/2-1/2"]
[WhiteElo "2753"]
[BlackElo "2746"]

1.e4 e5 2.Nf3 Nc6 3.Bb5 Nf6 4.O-O Nxe4 5.Re1 Nd6 6.Nxe5 Be7 7.Bf1 Nxe5 8.Rxe5 O-O
9.d4 Bf6 10.Re2 b6 11.Re1 Bb7 12.c3 Bg5 13.Na3 Bxc1 14.Qxc1 Qh4 15.Nb5 Nxb5
16.Bxb5 Qg4 17.Bf1 Rfe8  1/2-1/2

[Event "Tata Steel India Blitz TB"]
[Site "Kolkata IND"]
[Date "2018.11.14"]
[Round "1"]
[White "Anand,V"]
[Black "Nakamura,Hi"]
[Result "1-0"]
[WhiteElo "2773"]
[BlackElo "2746"]

1.e4 e5 2.Nf3 Nc6 3.Bc4 Bc5 4.O-O Nf6 5.d3 d6 6.c3 O-O 7.Bg5 h6 8.Bh4 a6
9.a4 Ba7 10.Nbd2 g5 11.Bg3 g4 12.Nh4 Nh5 13.Re1 Qg5 14.Nf1 Kg7 15.Ne3 Nxg3
16.hxg3 Bxe3 17.Rxe3 Ne7 18.d4 Ng6 19.Nxg6 fxg6 20.dxe5 Qxe5 21.Bd5 Rb8 22.b4 Bd7
23.Ra2 Rf6 24.Rd2 Bc6 25.Bxc6 bxc6 26.Qe2 a5 27.b5 h5 28.bxc6 Rb1+ 29.Rd1 Rxd1+
30.Qxd1 Re6 31.Qd4 Kf7 32.Kf1 Qc5 33.Qxc5 dxc5 34.Ke2 c4 35.e5 Rxc6 36.f4 gxf3+
37.Kxf3 Ke6 38.Ke4 Rc5 39.Kd4 Rd5+ 40.Kxc4 Rd2 41.Kb5 Rxg2 42.Kxa5 Rb2 43.Ka6 g5
44.a5 c5 45.Ka7 Rb3 46.a6 c4 47.Ka8 Ra3 48.Kb7 Rb3+ 49.Kc6 Ra3 50.Kb5 Ra1
51.Re4 Kd5 52.Rd4+ Kxe5 53.Rxc4 Kd5 54.Rd4+ Ke5 55.Ra4  1-0

[Event "Tata Steel India Blitz TB"]
[Site "Kolkata IND"]
[Date "2018.11.14"]
[Round "2"]
[White "Nakamura,Hi"]
[Black "Anand,V"]
[Result "1/2-1/2"]
[WhiteElo "2746"]
[BlackElo "2773"]

1.Nf3 d5 2.b3 Nf6 3.e3 c5 4.Bb2 e6 5.c4 Nc6 6.cxd5 exd5 7.Be2 Bd6 8.O-O O-O
9.d4 cxd4 10.Nxd4 Re8 11.Nd2 Bd7 12.Nxc6 bxc6 13.Rc1 a5 14.Nf3 Ne4 15.Nd4 Qh4
16.f4 Qf6 17.Rc2 c5 18.Nb5 Qe6 19.Nxd6 Qxd6 20.Bf3 f6 21.Qc1 a4 22.Bxe4 Rxe4
23.Rxc5 axb3 24.axb3 Qb6 25.Rxd5 Be6 26.Bd4 Qxb3 27.Rc5 Bf7 28.h3 Ree8 29.Rf3 Qe6
30.f5 Qd6 31.Rf4 Bd5 32.Rc7 Re7 33.Rc2 Re4 34.Rff2 Ree8 35.Rc7 Re7 36.Rc3 Ree8
37.Rc5 Rab8 38.Rf4 Be4 39.Qc4+ Kh8 40.Kh2 Bb7 41.Qc3 Rbc8 42.Rxc8 Rxc8 43.Qb2 Ba8
44.Kg1 Qc6 45.Kh2 Qc2 46.Rf2 Qxb2 47.Rxb2 Be4 48.Rb5 h5 49.g4 h4 50.Kg1 Rc1+
51.Kf2 Rc2+ 52.Ke1 Rh2 53.Rb8+ Kh7 54.Re8 Bd3 55.Re7 Kg8 56.g5 Bxf5 57.e4 Bg6
58.gxf6 gxf6 59.Bxf6 Bf7 60.Rc7 Rxh3 61.Kf2 Rb3 62.e5 h3 63.Rd7 h2 64.Kg2 Rb2+
65.Kh1 Be6 66.Rd4 Kf7 67.Bg5 Re2 68.Bf4 Re4 69.Rxe4 Bd5 70.e6+ Ke8 71.Kxh2 Bxe4
72.e7 Kxe7  1/2-1/2

[Event "Tata Steel India Blitz"]
[Site "Kolkata IND"]
[Date "2018.11.14"]
[Round "10.4"]
[White "Ganguly,S"]
[Black "Nakamura,Hi"]
[Result "0-1"]
[WhiteElo "2615"]
[BlackElo "2746"]

1.c4 e6 2.Nc3 b6 3.d4 Bb7 4.a3 Nf6 5.Nf3 d5 6.e3 Nbd7 7.cxd5 exd5 8.Bd3 Bd6
9.O-O O-O 10.Qc2 a6 11.b4 Re8 12.Bb2 Ne4 13.Ne2 Qe7 14.Ng3 g6 15.Rac1 Rac8
16.Qe2 b5 17.Rc2 Nb6 18.Ne5 Nxg3 19.hxg3 Nc4 20.Nf3 Ra8 21.Qe1 a5 22.bxa5 Bxa3
23.Bxa3 Qxa3 24.Qe2 Rxa5 25.Nh2 Bc8 26.Bxc4 dxc4 27.g4 c3 28.f4 b4 29.f5 Ba6
30.Qf3 Bxf1 31.Nxf1 Qb3 32.Rf2 Qd5 33.Qf4 Qd6 34.Qh6 gxf5 35.Qh4 f4  0-1

[Event "Tata Steel India Blitz"]
[Site "Kolkata IND"]
[Date "2018.11.14"]
[Round "11.3"]
[White "Harikrishna,P"]
[Black "Nakamura,Hi"]
[Result "1-0"]
[WhiteElo "2729"]
[BlackElo "2746"]

1.e4 e5 2.Nf3 Nc6 3.Bb5 Nf6 4.O-O Nxe4 5.Re1 Nd6 6.Nxe5 Be7 7.Bf1 Nxe5 8.Rxe5 O-O
9.d4 Bf6 10.Re1 Re8 11.Rxe8+ Nxe8 12.d5 d6 13.Nd2 c6 14.Nc4 cxd5 15.Qxd5 Qe7
16.Ne3 Be6 17.Qf3 Rc8 18.c3 Bg5 19.Nf5 Qf6 20.Bxg5 Qxg5 21.Nd4 Bd5 22.Qf5 Qxf5
23.Nxf5 Kf8 24.Ne3 Be6 25.a4 Nf6 26.Rd1 Ke7 27.f3 Rc5 28.Rd4 a6 29.Kf2 Bd7
30.g4 h5 31.h4 hxg4 32.fxg4 g5 33.h5 d5 34.Bd3 Kf8 35.Rb4 b5 36.axb5 axb5
37.Kf3 Kg7 38.Bf5 Bc6 39.Rd4 Ne8 40.Bd3 Nc7 41.Nf5+ Kh8 42.Ke3 Ne6 43.Rb4 Bd7
44.Nd6 Nf4 45.Nxf7+ Kg7 46.Nxg5 Nxd3 47.Kxd3 d4 48.Rxd4 Bc8 49.Ne4 Re5 50.Nd6 Bd7
51.Nf5+ Bxf5+ 52.gxf5 Rxf5 53.Rh4 Kh6 54.Kc2  1-0

[Event "Tata Steel India Blitz"]
[Site "Kolkata IND"]
[Date "2018.11.14"]
[Round "12.5"]
[White "Nakamura,Hi"]
[Black "Aronian,L"]
[Result "1/2-1/2"]
[WhiteElo "2746"]
[BlackElo "2765"]

1.e4 e5 2.Nf3 Nc6 3.Bb5 a6 4.Bxc6 dxc6 5.O-O Be7 6.Nxe5 Qd4 7.Qh5 Be6 8.d3 Nf6
9.Nf3 Qxf2+ 10.Kxf2 Nxh5 11.h3 Nf6 12.Bf4 O-O-O 13.Nbd2 Nd7 14.Nd4 Bc5 15.Be3 Bxd4
16.Bxd4 f6 17.Bc3 c5 18.g4 b5 19.b3 Nb8 20.Kg3 Nc6 21.Nf3 Rhe8 22.Rae1 Nb4
23.Bxb4 cxb4 24.g5 Rd6 25.gxf6 gxf6 26.Nh4 Rg8+ 27.Kh2 Bd7 28.Ng2 a5 29.Ne3 Kb7
30.Rf2 Rg5 31.Ref1 Rh5 32.Rf3 Rc6 33.R1f2 Be6 34.Ng2 a4 35.Nf4 Rh6 36.d4 Bf7
37.Nd3 Bg6 38.Rxf6 Bxe4 39.Rxh6 Rxh6 40.Nc5+ Kc6 41.Nxe4 Kd5 42.Ng3 Re6 43.Rd2 Re1
44.Kg2 Ra1 45.Ne2 Ke4 46.Ng3+ Kd5 47.bxa4 bxa4 48.Ne2 Kc4 49.c3  1/2-1/2

[Event "Tata Steel India Blitz"]
[Site "Kolkata IND"]
[Date "2018.11.14"]
[Round "13.2"]
[White "So,W"]
[Black "Nakamura,Hi"]
[Result "1/2-1/2"]
[WhiteElo "2765"]
[BlackElo "2746"]

1.e4 e5 2.Nf3 Nc6 3.Bb5 Nf6 4.O-O Nxe4 5.Re1 Nd6 6.Nxe5 Be7 7.Bf1 Nxe5 8.Rxe5 O-O
9.d4 Bf6 10.Re1 Re8 11.Rxe8+ Nxe8 12.d5 b6 13.Nd2 Bb7 14.Ne4 Be7 15.c3 Nd6
16.Ng3 Bg5 17.c4 Rc8 18.b3 Qf6 19.Bxg5 Qxg5 20.Qd4 Re8 21.Rd1 Nf5 22.Nxf5 Qxf5
23.Bd3 Qe5  1/2-1/2